[Event "Sachsen-ch U16 Girls"]
[Site "Sebnitz"]
[Date "2009.04.14"]
[Round "1"]
[White "Reichelt, Luisa Marie"]
[Black "Pfuetzner, Kerstin"]
[Result "1/2-1/2"]
[WhiteElo "1540"]
[BlackElo "912"]
[PlyCount "56"]
[EventDate "2009.04.14"]
[EventType "swiss"]
[EventRounds "7"]
[EventCountry "GER"]
[SourceTitle "EXT 2010"]
[Source "ChessBase"]
[SourceDate "2010.11.25"]
[SourceVersion "1"]
[SourceVersionDate "2010.11.25"]
[SourceQuality "1"]

1. e4 c5 2. Nf3 d6 3. d4 cxd4 4. Nxd4 Nf6 5. Nc3 g6 6. Bb5+ Bd7 7. 0-0 Bg7 8. Be3 0-0 9. Bd3 Ng4 10. Qd2 Nc6 11. Nxc6 Bxc6 12. Bf4 Qb6 13. Rab1 Rac8 14. h3 Ne5 15. Be3 Qc7 16. Bh6 Rfd8 17. Bxg7 Kxg7 18. Be2 d5 19. exd5 e6 20. Qe3 Bxd5 21. Nb5 Qb8 22. Nc3 Bc4 23. Bxc4 Nxc4 24. Qg5 Nd2 25. h4 h6 26. Qe3 Nxf1 27. Rxf1 Rc4 28. g3 b5 1/2-1/2